|
|
|
|
| LEADER |
00000cam a22000002c 4500 |
| 001 |
1632175673 |
| 003 |
DE-627 |
| 005 |
20251225203942.0 |
| 007 |
tu |
| 008 |
880222s1983 xx ||||| 00| ||und c |
| 016 |
7 |
|
|a b8343705
|2 UK
|
| 020 |
|
|
|a 0899300138
|9 0-89930-013-8
|
| 035 |
|
|
|a (DE-627)1632175673
|
| 035 |
|
|
|a (DE-576)01371712X
|
| 035 |
|
|
|a (DE-599)BSZ01371712X
|
| 035 |
|
|
|a (OCoLC)08553113
|
| 035 |
|
|
|a (DE-604)8064989585
|
| 040 |
|
|
|a DE-627
|b ger
|c DE-627
|e rakwb
|
| 082 |
0 |
|
|a 658.4/73
|
| 084 |
|
|
|a QQ 200
|2 rvk
|0 (DE-625)rvk/141968:
|
| 245 |
0 |
0 |
|a Managing terrorism
|b strategies for the corporate executive
|c edited by Patrick J. Montana ...
|
| 264 |
|
1 |
|a Westport, Conn. [u.a.]
|b Quorum
|c 1983
|
| 300 |
|
|
|a XVI, 182 S.
|b Ill.
|
| 336 |
|
|
|a Text
|b txt
|2 rdacontent
|
| 337 |
|
|
|a ohne Hilfsmittel zu benutzen
|b n
|2 rdamedia
|
| 338 |
|
|
|a Band
|b nc
|2 rdacarrier
|
| 500 |
|
|
|a Bibliography: p161-167. - Includes index
|
| 583 |
1 |
|
|a Archivierung prüfen
|c 20200919
|f DE-640
|z 2
|2 pdager
|
| 689 |
0 |
0 |
|d s
|0 (DE-588)4059534-1
|0 (DE-627)106143212
|0 (DE-576)209131136
|a Terrorismus
|2 gnd
|
| 689 |
0 |
1 |
|d s
|0 (DE-588)4061963-1
|0 (DE-627)104665327
|0 (DE-576)209142006
|a Unternehmen
|2 gnd
|
| 689 |
0 |
2 |
|d s
|0 (DE-588)4181167-7
|0 (DE-627)104353333
|0 (DE-576)210002980
|a Sicherheitsmaßnahme
|2 gnd
|
| 689 |
0 |
|
|5 (DE-627)
|
| 700 |
1 |
|
|a Montana, Patrick J.
|e Hrsg.
|4 edt
|
| 936 |
r |
v |
|a QQ 200
|b Industriebetriebslehre
|k Wirtschaftswissenschaften
|k Spezielle Betriebswirtschaftslehren
|k Industriebetriebslehre
|0 (DE-627)1271175266
|0 (DE-625)rvk/141968:
|0 (DE-576)201175266
|
| 951 |
|
|
|a BO
|
| ELC |
|
|
|b 1
|
| LOK |
|
|
|0 000 xxxxxcx a22 zn 4500
|
| LOK |
|
|
|0 001 3283933596
|
| LOK |
|
|
|0 003 DE-627
|
| LOK |
|
|
|0 004 1632175673
|
| LOK |
|
|
|0 005 20020606000000
|
| LOK |
|
|
|0 008 880222||||||||||||||||ger|||||||
|
| LOK |
|
|
|0 040
|a DE-21
|c DE-627
|d DE-21
|
| LOK |
|
|
|0 852
|a DE-21
|
| LOK |
|
|
|0 852 1
|c KB 15 A 689
|9 00
|
| LOK |
|
|
|0 935
|a krim
|
| LOK |
|
|
|0 936ln
|a k10.2.3
|
| LOK |
|
|
|0 939
|a 22-02-88
|b l01
|
| ORI |
|
|
|a SA-MARC-krimdoka001.raw
|
| SIG |
|
|
|a UB: KB 15 A 689
|